Computer-integrated manufacturing : The social dimension
Bewaard in:
| Hoofdauteur: | |
|---|---|
| Formaat: | Boek |
| Taal: | Undetermined |
| Gepubliceerd in: |
Geneva
International Labour Office
1990
|
| Onderwerpen: | |
| Tags: |
Voeg label toe
Geen labels, Wees de eerste die dit record labelt!
|
| Thư viện lưu trữ: | Trung tâm Học liệu Trường Đại học Cần Thơ |
|---|
| LEADER | 00574nam a2200205Ia 4500 | ||
|---|---|---|---|
| 001 | CTU_94250 | ||
| 008 | 210402s9999 xx 000 0 und d | ||
| 082 | |a 303.48 | ||
| 082 | |b E15 | ||
| 100 | |a Ebel, Karl-H. | ||
| 245 | 0 | |a Computer-integrated manufacturing : | |
| 245 | 4 | |b The social dimension | |
| 245 | 0 | |c Karl-H. Ebel | |
| 260 | |a Geneva | ||
| 260 | |b International Labour Office | ||
| 260 | |c 1990 | ||
| 650 | |a Computer integrated manufacturing systems | ||
| 650 | |x Social aspects | ||
| 904 | |i Năm | ||
| 980 | |a Trung tâm Học liệu Trường Đại học Cần Thơ | ||